Berliner S-Bahn und U-Bahn Stationen (Karte) - Statistiken

Allgemein
  • Dieses Quiz wurde 730 mal gespielt
    365 seit der letzten Aktualisierung
  • Das Durchschnittsergebnis liegt bei 173 aus 315
Antworten auf der Karte
Die Antworten werden auf der Karte rot bzw. grün angezeigt, abhängig davon wie oft sie richtig erraten wurden.
 
Antwortstatistiken
Antwort % Korrekt
Hauptbahnhof
91%
Alexanderplatz
90%
Westkreuz
88%
Gesundbrunnen
87%
Ostkreuz
87%
Friedrichstraße
85%
Bundesplatz
84%
Ostbahnhof
84%
Südkreuz
84%
Zoologischer Garten
84%
Wannsee
82%
Warschauer Straße
82%
Pankow
79%
Bellevue
78%
Brandenburger Tor
78%
Jannowitzbrücke
78%
Olympia-Stadion
78%
Oranienburg
78%
Potsdam Hauptbahnhof
78%
Tiergarten
78%
Wedding
78%
Charlottenburg
77%
Neukölln
77%
Potsdamer Platz
77%
Spandau
76%
Tempelhof
76%
Hackescher Markt
75%
Museumsinsel
75%
Treptower Park
75%
Bernau
74%
Rudow
74%
Stadtmitte
74%
Jungfernheide
73%
Kottbusser Tor
73%
Westend
73%
Yorckstraße
73%
Bundestag
72%
Flughafen BER
72%
Hermannplatz
72%
Nollendorfplatz
72%
Osloer Straße
72%
Rathaus Steglitz
72%
Schöneberg
72%
Schönhauser Allee
72%
Erkner
71%
Hönow
71%
Ruhleben
71%
Grunewald
70%
Hermannstrasse
70%
Innsbrucker Platz
70%
Nordbahnhof
70%
Westhafen
70%
Krumme Lanke
69%
Marzahn
69%
Onkel Toms Hütte
69%
Rathaus Spandau
69%
Teltow-Stadt
69%
Anhalter Bahnhof
68%
Gleisdreieck
68%
Sonnenallee
68%
Wittenbergplatz
68%
Frankfurter Allee
67%
Kurfürstenstraße
67%
Landsberger Allee
67%
Lichtenberg
67%
Savignyplatz
67%
Babelsberg
66%
Buch
66%
Eberswalder Straße
66%
Heidelberger Platz
66%
Kurfürstendamm
66%
Messe Nord / ZOB
66%
Nikolassee
66%
Rotes Rathaus
66%
Wittenau
66%
Greifswalder Straße
65%
Köpenick
65%
Oranienburger Straße
65%
Tegel
65%
Alt-Tegel
64%
Lichterfelde Ost
64%
Lichterfelde West
64%
Mehringdamm
64%
Schlesisches Tor
64%
Strausberg
64%
Unter den Linden
64%
Hallesches Tor
63%
Zehlendorf
63%
Alt-Mariendorf
62%
Friedrichsfelde
62%
Hellersdorf
62%
Schöneweide
62%
Tierpark
62%
Ahrensfelde
61%
Altstadt Spandau
61%
Bornholmer Straße
61%
Frankfurter Tor
61%
Halensee
61%
Königs Wusterhausen
61%
Leopoldplatz
61%
Prenlzauer Allee
61%
Rathaus Neukölln
61%
Rosa-Luxemburg-Platz
61%
Rummelsburg
60%
Siemensdamm
60%
Uhlanstraße
60%
Baumschulenweg
59%
Bayerischer Platz
59%
Bernauer Straße
59%
Blankenfelde
59%
Griebnitzsee
59%
Hohenschönhausen
59%
Hohenzollerndamm
59%
Karl-Marx-Straße
59%
Kaulsdorf
59%
Lichtenrade
59%
Lichterfelde Süd
59%
Storkower Straße
59%
Strausberg Nord
59%
Zitadelle
59%
Deutsche Oper
58%
Görlitzer Bahnhof
58%
Karow
58%
Kurt-Schumacher-Platz
58%
Mexikoplatz
58%
Schönefeld
58%
Theodor-Heuss-Platz
58%
Vinetastraße
58%
Berliner Straße
57%
Blankenburg
57%
Fehrbelliner Platz
57%
Grünau
57%
Hausvogteiplatz
57%
Platz der Luftbrücke
57%
Spittelmarkt
57%
Bismarckstraße
56%
Dahlem-Dorf
56%
Frohnau
56%
Hennigsdorf
56%
Mendelssohn-Bartholdy-Park
56%
Moritzplatz
56%
Schlachtensee
56%
Turmstraße
56%
Afrikanische Straße
55%
Alt-Tempelhof
55%
Biesdorf
55%
Hansaplatz
55%
Humboldthain
55%
Messe Süd (Eichkamp)
55%
Möckernbrücke
55%
Naturkundemuseum
55%
Oranienburger Tor
55%
Prinzenstraße
55%
Weberwiese
55%
Wilmersdorfer Straße
55%
Beusselstraße
54%
Klosterstraße
54%
Rosenthaler Platz
54%
Schloßstraße
54%
Spichernstraße
54%
Betriebsbahnhof Rummelsburg
53%
Boddinstraße
53%
Bülowstraße
53%
Cottbusser Platz
53%
Heinrich-Heine-Straße
53%
Märkisches Museum
53%
Oskar-Helene-Heim
53%
Pankow-Heinersdorf
53%
Priesterweg
53%
Seestraße
53%
Voltastraße
53%
Adenauerplatz
52%
Johannisthal
52%
Kaiserdamm
52%
Karl-Bonhoeffer-Nervenklinik
52%
Kochstraße (Checkpoint Charlie)
52%
Köllnische Heide
52%
Leinestraße
52%
Mahlsdorf
52%
Neu-Westend
52%
Senefelderplatz
52%
Weinmeisterstraße
52%
Ernst-Reuter-Platz
51%
Friedenau
51%
Heerstraße
51%
Mahlow
51%
Rüdesheimer Platz
51%
Schillingstraße
51%
Südstern
51%
Walther-Schreiber-Platz
51%
Jakob-Kaiser-Platz
50%
Karlshorst
50%
Viktoria-Luise-Platz
50%
Adlershof
49%
Birkenstraße
49%
Freie Universität (Thielplatz)
49%
Kaulsdorf-Nord
49%
Pankstraße
49%
Plänterwald
49%
Rathaus Reinickendorf
49%
Strausberger Platz
49%
Waidmannslust
49%
Wuhlheide
49%
Amrumer Straße
48%
Anton-Wilhelm-Amo-Straße
48%
Birkenwerder
48%
Britz-Süd
48%
Feuerbachstraße
48%
Friedrichshagen
48%
Kleistpark
48%
Marienfelde
48%
Paulsternstraße
48%
Samariterstraße
48%
Sophie-Charlotte-Platz
48%
Spindlersfeld
48%
Wartenberg
48%
Augsburger Straße
47%
Biesdorf-Süd
47%
Botanischer Garten
47%
Friedrich-Wilhelm-Platz
47%
Gneisenaustraße
47%
Grenzallee
47%
Julius-Leber-Brücke
47%
Nauener Platz
47%
Oberspree
47%
Reinickendorfer Straße
47%
Rohrdamm
47%
Stresow
47%
Südende
47%
Altglienicke
46%
Hohenzollernplatz
46%
Paracelsus-Bad
46%
Richard-Wagner-Platz
46%
Strausberg Stadt
46%
Wollankstraße
46%
Wuhletal
46%
Borsigwerke
45%
Friedrichsfelde Ost
45%
Rathaus Schöneberg
45%
Wilhelmsruh
45%
Haselhorst
44%
Lankwitz
44%
Lipschitzallee
44%
Zwickauer Damm
44%
Attilastraße
43%
Johannisthaler Chaussee
43%
Kaiserin-Augusta-Straße
43%
Kienberg (Gärten der Welt)
43%
Paradestraße
43%
Schönfließ
43%
Schönleinstraße
43%
Hermsdorf
42%
Pichelsberg
42%
Rehberge
42%
Schönholz
42%
Springpfuhl
42%
Blissestraße
41%
Breitenbachplatz
41%
Hohen Neuendorf
41%
Magdalenenstraße
41%
Podbielskialle
41%
Schwartzkopffstraße
41%
Westphalweg
41%
Wutzkyallee
41%
Bernau-Friedenstal
40%
Heiligensee
40%
Louis-Lewin-Straße
40%
Mühlenbeck-Mönchmühle
40%
Nöldnerplatz
40%
Otisstraße
40%
Parchimer Allee
40%
Wildau
40%
Zepernick
40%
Alt-Reinickendorf
39%
Eisenacher Straße
39%
Halemweg
39%
Konstanzer Straße
39%
Rahnsdorf
39%
Röntgental
39%
Ullsteinstraße
39%
Elsterwerdaer Platz
38%
Mierendorffplatz
38%
Zeuthen
38%
Hoppegarten
37%
Raoul-Wallenberg-Straße
37%
Waßmannsdorf
37%
Güntzelstraße
36%
Residenzstraße
36%
Sundgauer Straße
35%
Borgsdorf
34%
Buckower Chaussee
34%
Franu-Neumann-Platz
34%
Lindauer Allee
34%
Osdorfer Straße
34%
Wilhelmshagen
34%
Blaschkoallee
33%
Scharnweberstraße
32%
Hegermühle
31%
Lehnitz
31%
Eichborndamm
30%
Hirschgarten
30%
Neuenhagen
30%
Poelchaustraße
30%
Birkenstein
29%
Eichwalde
29%
Grünbergallee
28%
Petershagen Nord
28%
Gehrenseestraße
27%
Holzhauser Straße
27%
Mehrower Allee
27%
Fredersdorf
26%
Schulzendorf
26%
Bergfelde
24%
Schichauweg
24%
Keine übereinstimmenden Quizze gefunden
Verteilung der Resultate
Anzahl Personen mit jedem Resultat
Perzentil nach korrekt beantworteten Fragen
Ihre Resultats-Entwicklung
Sie haben dieses Quiz seit der letzten Aktualisierung nicht gespielt